000 00382nam a2200169Ia 4500
008 090124s9999 xx 000 0 und d
082 _b228
100 _aGALSWORTHY JOHN
245 _aMAID IN WAITING
250 _a0
300 _a346
600 _aGALSWORTHY JOHN
630 _aMAID IN WAITING
700 _aGALSWORTHY JOHN
730 _aMAID IN WAITING
942 _cBOOK
999 _c81568
_d81568